تعليم الحق حق التعليم / (Record no. 14297)
[ view plain ]
| 000 -LEADER | |
|---|---|
| fixed length control field | 00799nam a22001817a 4500 |
| 008 - FIXED-LENGTH DATA ELEMENTS--GENERAL INFORMATION | |
| fixed length control field | 100630t xxu||||| |||| 00| 0 eng d |
| 020 ## - INTERNATIONAL STANDARD BOOK NUMBER | |
| International Standard Book Number | 9775421160 |
| 082 ## - DEWEY DECIMAL CLASSIFICATION NUMBER | |
| Edition number | 22 |
| Classification number | 379.62 |
| Item number | ت ع ل |
| 100 ## - MAIN ENTRY--PERSONAL NAME | |
| 9 (RLIN) | 15483 |
| Personal name | البيلاوى, حسن |
| 245 ## - TITLE STATEMENT | |
| Title | تعليم الحق حق التعليم / |
| Statement of responsibility, etc | تحرير عماد صيام ... وأخرون |
| 260 ## - PUBLICATION, DISTRIBUTION, ETC. (IMPRINT) | |
| Place of publication, distribution, etc | القاهرة: |
| Name of publisher, distributor, etc | مركز الدراسات والمعلومات القانونية لحقوق الإنسان, |
| Date of publication, distribution, etc | [1997]. |
| 300 ## - PHYSICAL DESCRIPTION | |
| Extent | 138؛ص |
| Dimensions | 15 سم |
| 500 ## - GENERAL NOTE | |
| General note | Donations. |
| 500 ## - GENERAL NOTE | |
| General note | Donated By: Dr. Bassem. |
| 650 ## - SUBJECT ADDED ENTRY--TOPICAL TERM | |
| 9 (RLIN) | 15426 |
| Topical term or geographic name as entry element | التعليم -مصر |
| 942 ## - ADDED ENTRY ELEMENTS (KOHA) | |
| Source of classification or shelving scheme | Dewey Decimal Classification |
| Item type | Book - Borrowing |
| Withdrawn status | Item status | Source of classification or shelving scheme | Damaged status | Not for loan | Vendor | Home library | Current library | Shelving location | Date acquired | Source of acquisition | Total Checkouts | Full call number | Barcode | Date last seen | Koha item type |
|---|---|---|---|---|---|---|---|---|---|---|---|---|---|---|---|
| Dewey Decimal Classification | Central Library | Central Library | First floor | 30/06/2010 | Donation | 379.62 الب | 000020777 | 15/07/2025 | Book - Borrowing |